Statystyki dla TOP LUDZIE Z POLSKI I NIETYLKO

Kliknij tutaj aby rozwiązać quiz!

Ogólne statystyki

  • Ten quiz został rozwiązany 15 razy
  • Średni wynik to 5 z 15

Statystyki odpowiedzi

HintOdpowiedź% Poprawnych
MikeMini Mike
70%
MikeMike Tyson
60%
PiłkarzRooney
60%
MuzykJosef Bratan
40%
TricksterKrzysztof Golonka
40%
MikeMike Wazowski
40%
SzatanNergal
40%
LegendArtur Boruc
30%
o_OImpostor
30%
FreestylerKanye East
30%
PiłkarzRonaldo Pepsi
30%
ZboczeniecEDP
20%
Muzyk-KebabMakerKing Bibić
20%
Muzyk(SZKOCJA)Travis Szkot
20%
PoetaLeonardo Da Winki
10%

Rozkład punktacji

Percentyl według liczby udzielonych odpowiedzi

Procent ludzi z każdym wynikiem

Twoja historia wyników

Nie rozwiązałeś tego quizu